<?xml version="1.0" encoding="UTF-8"?>
<record
    xmlns:xsi="http://www.w3.org/2001/XMLSchema-instance"
    xsi:schemaLocation="http://www.loc.gov/MARC21/slim http://www.loc.gov/standards/marcxml/schema/MARC21slim.xsd"
    xmlns="http://www.loc.gov/MARC21/slim">

  <leader>00531nam a2200217Ia 4500</leader>
  <controlfield tag="005">20230329105652.0</controlfield>
  <controlfield tag="008">230125s9999    xx            000 0 und d</controlfield>
  <datafield tag="020" ind1=" " ind2=" ">
    <subfield code="a">0-19-808099-9</subfield>
  </datafield>
  <datafield tag="041" ind1=" " ind2=" ">
    <subfield code="a">eng</subfield>
  </datafield>
  <datafield tag="082" ind1=" " ind2=" ">
    <subfield code="a">658.4038011</subfield>
    <subfield code="b">JOS</subfield>
  </datafield>
  <datafield tag="100" ind1=" " ind2=" ">
    <subfield code="a">Joshi G</subfield>
    <subfield code="9">106390</subfield>
  </datafield>
  <datafield tag="245" ind1=" " ind2=" ">
    <subfield code="a">Management Information Systems</subfield>
  </datafield>
  <datafield tag="260" ind1=" " ind2=" ">
    <subfield code="c">2013</subfield>
    <subfield code="b">Oxford University Press</subfield>
    <subfield code="a">New Delhi</subfield>
  </datafield>
  <datafield tag="300" ind1=" " ind2=" ">
    <subfield code="a">503p</subfield>
  </datafield>
  <datafield tag="500" ind1=" " ind2=" ">
    <subfield code="a">MIS
</subfield>
  </datafield>
  <datafield tag="650" ind1=" " ind2=" ">
    <subfield code="a">MIS</subfield>
    <subfield code="9">119851</subfield>
  </datafield>
  <datafield tag="700" ind1=" " ind2=" ">
    <subfield code="a">Joshi G</subfield>
    <subfield code="9">106390</subfield>
  </datafield>
  <datafield tag="906" ind1=" " ind2=" ">
    <subfield code="b">119</subfield>
  </datafield>
  <datafield tag="942" ind1=" " ind2=" ">
    <subfield code="c">BB</subfield>
  </datafield>
  <datafield tag="999" ind1=" " ind2=" ">
    <subfield code="c">93319</subfield>
    <subfield code="d">93319</subfield>
  </datafield>
  <datafield tag="952" ind1=" " ind2=" ">
    <subfield code="0">2</subfield>
    <subfield code="1">0</subfield>
    <subfield code="4">0</subfield>
    <subfield code="7">0</subfield>
    <subfield code="a">HIMR</subfield>
    <subfield code="b">HIMR</subfield>
    <subfield code="d">2015-03-20</subfield>
    <subfield code="e">Pritam Book Centre</subfield>
    <subfield code="g">475.00</subfield>
    <subfield code="i">9411</subfield>
    <subfield code="o">658.4038011 JOS B13350</subfield>
    <subfield code="p">HIMR-BK-13350</subfield>
    <subfield code="r">2023-01-25 00:00:00</subfield>
    <subfield code="v">356.00</subfield>
    <subfield code="w">2015-03-11</subfield>
    <subfield code="y">BK</subfield>
    <subfield code="z">B13350</subfield>
  </datafield>
  <datafield tag="952" ind1=" " ind2=" ">
    <subfield code="0">0</subfield>
    <subfield code="1">0</subfield>
    <subfield code="4">0</subfield>
    <subfield code="7">0</subfield>
    <subfield code="a">HIMR</subfield>
    <subfield code="b">HIMR</subfield>
    <subfield code="d">2019-01-07</subfield>
    <subfield code="e">Pritam Book Centre</subfield>
    <subfield code="g">650.00</subfield>
    <subfield code="i">10738</subfield>
    <subfield code="l">0</subfield>
    <subfield code="o">658.4038011 JOS B17570</subfield>
    <subfield code="p">HIMR-BK-17570</subfield>
    <subfield code="r">2023-01-25 00:00:00</subfield>
    <subfield code="v">623.00</subfield>
    <subfield code="w">2019-01-07</subfield>
    <subfield code="y">BK</subfield>
    <subfield code="z">B17570</subfield>
  </datafield>
  <datafield tag="952" ind1=" " ind2=" ">
    <subfield code="0">0</subfield>
    <subfield code="1">0</subfield>
    <subfield code="4">0</subfield>
    <subfield code="7">0</subfield>
    <subfield code="a">HIMR</subfield>
    <subfield code="b">HIMR</subfield>
    <subfield code="d">2019-01-07</subfield>
    <subfield code="e">Pritam Book Centre</subfield>
    <subfield code="g">650.00</subfield>
    <subfield code="i">10738</subfield>
    <subfield code="l">0</subfield>
    <subfield code="o">658.4038011 JOS B17571</subfield>
    <subfield code="p">HIMR-BK-17571</subfield>
    <subfield code="r">2023-01-25 00:00:00</subfield>
    <subfield code="v">623.00</subfield>
    <subfield code="w">2019-01-07</subfield>
    <subfield code="y">BK</subfield>
    <subfield code="z">B17571</subfield>
  </datafield>
  <datafield tag="952" ind1=" " ind2=" ">
    <subfield code="0">0</subfield>
    <subfield code="1">0</subfield>
    <subfield code="4">0</subfield>
    <subfield code="7">0</subfield>
    <subfield code="a">HIMR</subfield>
    <subfield code="b">HIMR</subfield>
    <subfield code="d">2019-01-07</subfield>
    <subfield code="e">Pritam Book Centre</subfield>
    <subfield code="g">650.00</subfield>
    <subfield code="i">10738</subfield>
    <subfield code="l">0</subfield>
    <subfield code="o">658.4038011 JOS B17572</subfield>
    <subfield code="p">HIMR-BK-17572</subfield>
    <subfield code="r">2023-01-25 00:00:00</subfield>
    <subfield code="v">623.00</subfield>
    <subfield code="w">2019-01-07</subfield>
    <subfield code="y">BK</subfield>
    <subfield code="z">B17572</subfield>
  </datafield>
  <datafield tag="952" ind1=" " ind2=" ">
    <subfield code="0">0</subfield>
    <subfield code="1">0</subfield>
    <subfield code="4">0</subfield>
    <subfield code="7">0</subfield>
    <subfield code="a">HIMR</subfield>
    <subfield code="b">HIMR</subfield>
    <subfield code="d">2019-01-07</subfield>
    <subfield code="e">Pritam Book Centre</subfield>
    <subfield code="g">650.00</subfield>
    <subfield code="i">10738</subfield>
    <subfield code="l">0</subfield>
    <subfield code="o">658.4038011 JOS B17573</subfield>
    <subfield code="p">HIMR-BK-17573</subfield>
    <subfield code="r">2023-01-25 00:00:00</subfield>
    <subfield code="v">623.00</subfield>
    <subfield code="w">2019-01-07</subfield>
    <subfield code="y">BK</subfield>
    <subfield code="z">B17573</subfield>
  </datafield>
  <datafield tag="952" ind1=" " ind2=" ">
    <subfield code="0">0</subfield>
    <subfield code="1">0</subfield>
    <subfield code="4">0</subfield>
    <subfield code="7">0</subfield>
    <subfield code="a">HIMR</subfield>
    <subfield code="b">HIMR</subfield>
    <subfield code="d">2019-01-07</subfield>
    <subfield code="e">Pritam Book Centre</subfield>
    <subfield code="g">650.00</subfield>
    <subfield code="i">10738</subfield>
    <subfield code="l">0</subfield>
    <subfield code="o">658.4038011 JOS B17574</subfield>
    <subfield code="p">HIMR-BK-17574</subfield>
    <subfield code="r">2023-01-25 00:00:00</subfield>
    <subfield code="v">623.00</subfield>
    <subfield code="w">2019-01-07</subfield>
    <subfield code="y">BK</subfield>
    <subfield code="z">B17574</subfield>
  </datafield>
  <datafield tag="952" ind1=" " ind2=" ">
    <subfield code="0">2</subfield>
    <subfield code="1">0</subfield>
    <subfield code="4">0</subfield>
    <subfield code="7">0</subfield>
    <subfield code="a">HIMR</subfield>
    <subfield code="b">HIMR</subfield>
    <subfield code="d">2019-01-07</subfield>
    <subfield code="e">Pritam Book Centre</subfield>
    <subfield code="g">650.00</subfield>
    <subfield code="i">10738</subfield>
    <subfield code="o">658.4038011 JOS B17575</subfield>
    <subfield code="p">HIMR-BK-17575</subfield>
    <subfield code="r">2023-01-25 00:00:00</subfield>
    <subfield code="v">623.00</subfield>
    <subfield code="w">2019-01-07</subfield>
    <subfield code="y">BK</subfield>
    <subfield code="z">B17575</subfield>
  </datafield>
  <datafield tag="952" ind1=" " ind2=" ">
    <subfield code="0">2</subfield>
    <subfield code="1">0</subfield>
    <subfield code="4">0</subfield>
    <subfield code="7">0</subfield>
    <subfield code="a">HIMR</subfield>
    <subfield code="b">HIMR</subfield>
    <subfield code="d">2019-01-07</subfield>
    <subfield code="e">Pritam Book Centre</subfield>
    <subfield code="g">650.00</subfield>
    <subfield code="i">10738</subfield>
    <subfield code="o">658.4038011 JOS B17576</subfield>
    <subfield code="p">HIMR-BK-17576</subfield>
    <subfield code="r">2023-01-25 00:00:00</subfield>
    <subfield code="v">623.00</subfield>
    <subfield code="w">2019-01-07</subfield>
    <subfield code="y">BK</subfield>
    <subfield code="z">B17576</subfield>
  </datafield>
  <datafield tag="952" ind1=" " ind2=" ">
    <subfield code="0">2</subfield>
    <subfield code="1">0</subfield>
    <subfield code="4">0</subfield>
    <subfield code="7">0</subfield>
    <subfield code="a">HIMR</subfield>
    <subfield code="b">HIMR</subfield>
    <subfield code="d">2019-01-07</subfield>
    <subfield code="e">Pritam Book Centre</subfield>
    <subfield code="g">650.00</subfield>
    <subfield code="i">10738</subfield>
    <subfield code="o">658.4038011 JOS B17577</subfield>
    <subfield code="p">HIMR-BK-17577</subfield>
    <subfield code="r">2023-01-25 00:00:00</subfield>
    <subfield code="v">623.00</subfield>
    <subfield code="w">2019-01-07</subfield>
    <subfield code="y">BK</subfield>
    <subfield code="z">B17577</subfield>
  </datafield>
  <datafield tag="952" ind1=" " ind2=" ">
    <subfield code="0">2</subfield>
    <subfield code="1">0</subfield>
    <subfield code="4">0</subfield>
    <subfield code="7">0</subfield>
    <subfield code="a">HIMR</subfield>
    <subfield code="b">HIMR</subfield>
    <subfield code="d">2019-01-07</subfield>
    <subfield code="e">Pritam Book Centre</subfield>
    <subfield code="g">650.00</subfield>
    <subfield code="i">10738</subfield>
    <subfield code="o">658.4038011 JOS B17578</subfield>
    <subfield code="p">HIMR-BK-17578</subfield>
    <subfield code="r">2023-01-25 00:00:00</subfield>
    <subfield code="v">623.00</subfield>
    <subfield code="w">2019-01-07</subfield>
    <subfield code="y">BK</subfield>
    <subfield code="z">B17578</subfield>
  </datafield>
  <datafield tag="952" ind1=" " ind2=" ">
    <subfield code="0">2</subfield>
    <subfield code="1">0</subfield>
    <subfield code="4">0</subfield>
    <subfield code="7">0</subfield>
    <subfield code="a">HIMR</subfield>
    <subfield code="b">HIMR</subfield>
    <subfield code="d">2019-01-07</subfield>
    <subfield code="e">Pritam Book Centre</subfield>
    <subfield code="g">650.00</subfield>
    <subfield code="i">10738</subfield>
    <subfield code="o">658.4038011 JOS B17579</subfield>
    <subfield code="p">HIMR-BK-17579</subfield>
    <subfield code="r">2023-01-25 00:00:00</subfield>
    <subfield code="v">623.00</subfield>
    <subfield code="w">2019-01-07</subfield>
    <subfield code="y">BK</subfield>
    <subfield code="z">B17579</subfield>
  </datafield>
</record>
